| 000 | 00426nam a2200169Ia 4500 | ||
|---|---|---|---|
| 008 | 170203s9999 xx 000 0 und d | ||
| 020 | _a0-694014540 | ||
| 050 | _aFic | ||
| 050 | _b.C292a 2000 | ||
| 100 | _aCarroll, Lewis. | ||
| 245 | _aAlice in Wonderland / | ||
| 245 | _cLewis Carroll. | ||
| 260 | _aUnited States of America : | ||
| 260 | _bHarper Collins Publishers Inc. | ||
| 260 | _c1865 | ||
| 300 | _a162 pages; | ||
| 999 |
_c306096 _d306096 |
||